| 000 | 01340 a2200169 4500 | ||
|---|---|---|---|
| 005 | 20241008113406.0 | ||
| 008 | 241008b |||||||| |||| 00| 0 eng d | ||
| 020 | _a9789360534783 | ||
| 041 | _aEnglish | ||
| 100 |
_aMcmullen K. _9208531 |
||
| 245 | _aProgramming with Python | ||
| 260 |
_bCengage Learning India _c2023 |
||
| 300 | _a537 | ||
| 520 | _aTable of Content 1. Computational Thinking. 2. Programming Tools. 3. Literals, Variables, and Constants. 4. Numeric Data Types and Expressions. 5. Character and String Data Types. 6. Decision Control Structures. 7. Repetition Control Structures. 8. Lists. 9. Functions. 10. Exceptions. 11. File Operations. 12. Recursion. 13. Modules. 14. Classes and Objects. 15. Methods. 16. Encapsulation. 17. Inheritance. 18. Polymorphism. 19. Linked List Data Structures. 20. Stacks, Queues, and Tables. 21. Trees and Graphs. 22. Algorithm Complexity and Big-O Notation. 23. Search Algorithms. 24. Sorting Algorithms. 25. Processor Architecture. 26. Data Representation. 27. Programming Paradigms. 28. User Interfaces. 29. Software Development Methodologies. 30. Pseudocode, Flowcharts, and Decision Tables. 31. Unified Modeling Language. | ||
| 700 |
_aMatthews E. _aParsons J.J. _9208546 |
||
| 942 | _cBK | ||
| 999 |
_c359759 _d359759 |
||